书目信息 |
| 题名: |
小城镇污水处理厂的运行管理
|
|
| 作者: | 李亚峰 , 马学文 , 李倩倩 编著 | |
| 分册: | ||
| 出版信息: | 北京 化学工业出版社 2017 |
|
| 页数: | 230页 | |
| 开本: | 26cm | |
| 丛书名: | ||
| 单 册: | ||
| 中图分类: | X505 | |
| 科图分类: | ||
| 主题词: | 小城镇--污水处理厂--运行 | |
| 电子资源: | ||
| ISBN: | 978-7-122-30591-6 | |
| 000 | 01073nam0 2200265 450 | |
| 001 | 012001003517 | |
| 005 | 20180926153145.31 | |
| 010 | @a978-7-122-30591-6@dCNY68.00 | |
| 100 | @a20180217d2017 em y0chiy50 ea | |
| 101 | 0 | @achi |
| 102 | @aCN@b110000 | |
| 105 | @aa z 000yy | |
| 106 | @ar | |
| 200 | 1 | @a小城镇污水处理厂的运行管理@9xiao cheng zhen wu shui chu li chang de yun xing guan li@f李亚峰,马学文,李倩倩等编著 |
| 205 | @a2版 | |
| 210 | @a北京@c化学工业出版社@d2017 | |
| 215 | @a230页@c图@d26cm | |
| 330 | @a本书内容包括:小城镇污水的水质指标与排放标准、小城镇污水处理技术与工艺系统、小城镇污水厂的试运行、处理构筑物的构造及功能、处理构筑物经常出现的问题以及解决这些问题的措施办法、小城镇污水处理常用机械设备维护和保养、小城镇污水处理厂自动控制系统以及污水处理厂的分析监测和安全生产的基本要求。 | |
| 606 | 0 | @a小城镇@x污水处理厂@x运行 |
| 690 | @aX505@v5 | |
| 701 | 0 | @a李亚峰@9li ya feng@4编著 |
| 701 | 0 | @a马学文@9ma xue wen@4编著 |
| 701 | 0 | @a李倩倩@9li qian qian@4编著 |
| 801 | 0 | @aCN@b上海新华@c20180901 |
| 905 | @b1159710-4@dX505@e172=2@f5 | |
| 小城镇污水处理厂的运行管理/李亚峰,马学文,李倩倩等编著.-2版.-北京:化学工业出版社,2017 |
| 230页:图;26cm |
| ISBN 978-7-122-30591-6:CNY68.00 |
| 本书内容包括:小城镇污水的水质指标与排放标准、小城镇污水处理技术与工艺系统、小城镇污水厂的试运行、处理构筑物的构造及功能、处理构筑物经常出现的问题以及解决这些问题的措施办法、小城镇污水处理常用机械设备维护和保养、小城镇污水处理厂自动控制系统以及污水处理厂的分析监测和安全生产的基本要求。 |
| ● |
| 相关链接 |
|
|
|
|
正题名:小城镇污水处理厂的运行管理
索取号:X505/172=2
 
预约/预借
| 序号 | 登录号 | 条形码 | 馆藏地/架位号 | 状态 | 备注 |
| 1 | 1159710 | 211597100 | 第二样本阅览室/ [索取号:X505/172=2] | 在馆 | |
| 2 | 1159711 | 211597119 | 第三借阅区/ [索取号:X505/172=2] | 在馆 | |
| 3 | 1159712 | 211597128 | 第三借阅区/ [索取号:X505/172=2] | 在馆 | |
| 4 | 1159713 | 211597137 | 密集书库-资源管理系/ [索取号:X505/172=2] | 在馆 | |
| 5 | 1159714 | 211597146 | 第三借阅区/ [索取号:X505/172=2] | 在馆 |